00465nam a2200145Ia 4500008004100000020001800041100001900059245005500078260002000133440001600153650001700169856004100186999001900227952007300246171212s9999 xx 000 0 und d a9781910634431 aMiller, Daniel cMiller, DanielaSocial Media in an English Village bUCL Pressc2016 aWhy We Post aAnthropology uhttp://jstor.org/stable/j.ctt1g69xs1 c352883d352883 001040aCLbCLd2017-12-12l0r2017-12-12 00:00:00w2017-12-12yCBE